000 00225nam a22000857a 4500
008 160915b xxu||||| |||| 00| 0 eng d
100 _9512
_aDewan.R.K.etal
245 _aMathematics-7
260 _aNew Delhi
_bRachna Publications
_c2011
999 _c3169
_d3169